LEADER 01229nam a2200277 i 4500 001 000000165613 003 CaOOAMICUS 005 20071022000000.0 008 071022s1976 it u000 u ita u 013 $a142981 040 $aSeMil$bita 245 10$aMilano 1881 negli scritti di Luigi Capuana, Giovanni Verga, Neera, Raffaello Barbiera. 260 $aMilano :$b[s.n.],$c1976. 300 $a65 p. :$b[3] ritratti :$b[1] c. di tav. ;$c25 cm. 500 $aEsemplare per S.E. Giovanni Colombo, Arcivescovo di Milano. - Fondo Card. Giovanni Colombo. 700 1 $aCapuana, Luigi <1839-1915>.$0(OLS)http://semarc/name/7558 700 1 $aBarbiera, Raffaello,$d<1851-1934>.$0(OLS)http://semarc/name/8134 700 0 $aNeera,$c.$0(OLS)http://semarc/name/8428 850 $aSeMil 852 $aSeMil$W1$xVenegono$y1$m1F V 45$j116800$B116800$CSeMilBibl$Z2$F128648 $81 900 1 $aZuccari, Anna. 941 1 $a3 961 $aLascito: Colombo Card. Giovanni 996 $6245$aMilano 1881 negli scritti di Luigi Capuana, Giovanni Verga, Neera, Raffaello Barbiera$9(OLS)http://semarc/title/236461 996 $6260$aMilano :$b[s.n.]$9(OLS)http://semarc/publisher/29709 LEADER 01114nam a2200265 i 4500 001 000000006423 003 CaOOAMICUS 005 20250905114840.0 008 180830s2004 it u000 u mul u 020 $a88-02-05986-1 040 $aSeMil$bita 100 0 $aIsidorus : Hispalensis,$c.$0(OLS)http://semarc/name/3357 245 10$aEtimologie o origini /$cdi Isidoro di Siviglia ; a cura di Angelo Valastro Canale. 264 1$aTorino :$bUnione Tipografico-Editrice Torinese,$c2004. 300 $a2 v. ;$c24 cm. 490 1 $aClassici latini 546 $aTesto latino a fronte. 700 1 $aValastro Canale, Angelo.$0(OLS)http://semarc/name/3358 774 0 $tLibri 1.-11.$z88-02-05986-1$w()77258 774 0 $tLibri 12.-20.$z88-02-05986-1$w()124144 830 0$aClassici latini .$0(OLS)http://semarc/title/101 996 $6020$a88-02-05986-1$9(OLS)http://semarc/number/760 996 $6245$aEtimologie o origini$9(OLS)http://semarc/title/8531 996 $6264$aTorino :$bUnione Tipografico-Editrice Torinese$9(OLS)http://semarc/publisher/29628